Born in the USA? III Quiz Stats

 Plays Quiz Updated Sep 10, 2017

Challenge
Share
Tweet
Score 0/30 Timer 05:00
0 Plays Today
% Correct
No. Hugh Jackman was born in Sydney, Australia.
95.5%
Yes. Morgan Freeman was born in Memphis, Tennessee.
92.6%
No. Elton John was born in London, England.
91.6%
No. Manny Pacquiao was born in Kibawe, Philippines.
91.1%
Yes. Taylor Swift was born in Reading, Pennsylvania.
89.9%
No. Ricky Gervais was born in Reading, England.
89.1%
Yes. Tiger Woods was born in Cypress, California.
87.6%
Yes. Matt LeBlanc was born in Newton, Massachusetts.
87.1%
Yes. Macaulay Culkin was born in New York, New York.
87%
No. Jim Carrey was born in Newmarket, Canada.
86.4%
Yes. Hayden Panettiere was born in Palisades, New York.
84%
Yes. Vanessa Hudgens was born in Salinas, California.
82.9%
Yes. Emilio Estevez was born in New York, New York.
81%
Yes. CeeLo Green was born in Atlanta, Georgia.
79.7%
No. Margot Robbie was born in Dalby, Australia.
77.4%
% Correct
No. Keith Urban was born in Whangarei, New Zealand.
75.6%
Yes. Jason Mantzoukas was born in Nahant, Massachusetts.
71.6%
Yes. George Takei was born in Los Angeles, California.
66.9%
Yes. Ken Jeong was born in Detroit, Michigan.
66.1%
Yes. Bruno Mars was born in Honolulu, Hawaii.
63.2%
No. Ellen Page was born in Halifax, Canada.
61.5%
No. Noomi Rapace was born in Hudiksvall, Sweden.
58.6%
No. Neil Young was born in Toronto, Canada.
58.2%
No. Cobie Smulders was born in Vancouver, Canada.
58%
No. Kiefer Sutherland was born in London, England.
53.2%
No. Lucy Lawless was born in Auckland, New Zealand.
49.7%
No. Mischa Barton was born in London, England.
40.2%
No. Steven Yeun was born in Seoul, South Korea.
40.2%
Yes. Nicole Kidman was born in Honolulu, Hawaii.
15.8%
Yes. Saoirse Ronan was born in New York, New York.
13.8%

You're not logged in!

Compare scores with friends on all Sporcle quizzes.
Join for Free
OR
Log In

You Might Also Like...

Show Comments

Extras

Top Quizzes Today


Score Distribution

Your Account Isn't Verified!

In order to create a playlist on Sporcle, you need to verify the email address you used during registration. Go to your Sporcle Settings to finish the process.

Report this User

Report this user for behavior that violates our Community Guidelines.

Details: